=LDR 00000nam 2200000 4500 =001 INLIS000000000026741 =005 20130612125150 =008 ***********************************ind** =035 ##$$0010-061300000026741 =041 ##$$a ind =082 ##$$a 301.076 =090 ##$$a 301.076, BUD s =100 ##$$a Budiwati, Mutamimah =245 ##$$a Strategi sukses UAN SMA/MAN Sosiologi, Dra. Mutmimah Budiwati =260 ##$$a 2004 $b Yogyakarta =300 ##$$a ix, 223 hlm., ilus., 20cm =650 ##$$a Sosiologi =650 ##$$a Soal-soal Ujian Nasional =850 ##$$a NBPNMAT =990 ##$$a 93729/BPAP-NTB/2014 =990 ##$$a 2090100456/BPAP-NTB/2015